00320 2200145 4500001002100000005001500021035002000036245003600056100001300092300001200105260002300117082000800140084001400148990001200162INLIS00000000000203420250527090347 a0010-05250003261 aSains dan Teknologo /cWahyudin0 aWahyudin a214 hlm bArman Delta,c2008 a500 a500 WAH s a0713281